<?xml version="1.0" encoding="UTF-8"?>
<collection xmlns="http://www.loc.gov/MARC21/slim">
 <record>
  <leader>01004aam a22002658a 4500</leader>
  <controlfield tag="001">00045170</controlfield>
  <controlfield tag="005">20191107081153.0</controlfield>
  <controlfield tag="008">140603s2013                  ||||||viesd</controlfield>
  <datafield tag="020" ind1="#" ind2="#">
   <subfield code="c">179000</subfield>
   <subfield code="a">9786049318610</subfield>
  </datafield>
  <datafield tag="041" ind1="0" ind2="#">
   <subfield code="a">vie</subfield>
  </datafield>
  <datafield tag="082" ind1="1" ind2="4">
   <subfield code="a">123.3</subfield>
   <subfield code="b">TR400Đ</subfield>
  </datafield>
  <datafield tag="100" ind1="#" ind2="#">
   <subfield code="a">Taleb, Nassim Nicholas</subfield>
  </datafield>
  <datafield tag="245" ind1="1" ind2="0">
   <subfield code="b">Giải mã bí ẩn quanh những điều tình cờ</subfield>
   <subfield code="c">Nassim Nicholas Taleb ; Lê Vũ Kỳ Nam (dịch)</subfield>
   <subfield code="a">Trò đùa của sự ngẫu nhiên</subfield>
  </datafield>
  <datafield tag="260" ind1="#" ind2="#">
   <subfield code="a">Hà Nội</subfield>
   <subfield code="b">Công Thương ; Công ty Sách Alpha</subfield>
   <subfield code="c">2019</subfield>
  </datafield>
  <datafield tag="300" ind1="#" ind2="#">
   <subfield code="b">bảng</subfield>
   <subfield code="a">384 tr.</subfield>
   <subfield code="c">24 cm</subfield>
  </datafield>
  <datafield tag="500" ind1="#" ind2="#">
   <subfield code="a">Tên sách tiếng Anh: Fooled by randomness</subfield>
  </datafield>
  <datafield tag="504" ind1="#" ind2="#">
   <subfield code="a">Thư mục: tr. 369-384</subfield>
  </datafield>
  <datafield tag="653" ind1="#" ind2="#">
   <subfield code="a">Biến ngẫu nhiên</subfield>
  </datafield>
  <datafield tag="653" ind1="#" ind2="#">
   <subfield code="a">Cuộc sống</subfield>
  </datafield>
  <datafield tag="653" ind1="#" ind2="#">
   <subfield code="a">Cơ hội</subfield>
  </datafield>
  <datafield tag="653" ind1="#" ind2="#">
   <subfield code="a">Vận may</subfield>
  </datafield>
  <datafield tag="700" ind1="#" ind2="#">
   <subfield code="a">Lê, Vũ Kỳ Nam</subfield>
   <subfield code="e">Dịch</subfield>
  </datafield>
  <datafield tag="852" ind1="#" ind2="#">
   <subfield code="j">KM.0033669</subfield>
   <subfield code="j">KD.0026630</subfield>
  </datafield>
  <datafield tag="910" ind1="#" ind2="#">
   <subfield code="d">7/11/2019</subfield>
  </datafield>
  <datafield tag="980" ind1="#" ind2="#">
   <subfield code="a">Trung tâm Học liệu Lê Vũ Hùng, Trường Đại học Đồng Tháp</subfield>
  </datafield>
 </record>
</collection>
